02147nam a2200421Ia 4500001001200000003000800012006001900020007001500039008004100054010001700095020002200112020002100134040002100155035002000176050002600196082002000222110009200242245029800334246005000632260005700682300001500739500003500754500017300789504005200962533015201014610006701166650005401233650006201287650006201349650004501411655002901456700003301485700002601518700002101544710001701565856012601582999001701708ebr10055354CaPaEBRm u cr cn|||||||||040526s2004 dcu sb 000 0 eng d z 2004300098 z0309091489 (Book) z0309530164 (PDF) aCaPaEBRcCaPaEBR a(OCoLC)5563671114aRC1128.U6bI57 2004eb04a616.9/802142222 aInstitute of Medicine (U.S.).bCommittee on the Longitudinal Study of Astronaut Health.10aReview of NASA's longitudinal study of astronaut healthh[electronic resource] /cDavid E. Longnecker, Frederick J. Manning, and Melvin H. Worth, editors; Committee on the Longitudinal Study of Astronaut Health, Board on Health Sciences Policy, Institute of Medicine of the National Academies.30aNASA's longitudinal study of astronaut health aWashington, D.C. :bNational Academies Press,c2004. axiv, 79 p. aChairman: David E. Longnecker. a"This study was supported by Contract/Grant No. NASW-03031 between the National Academy of Sciences and the National Aeronautics and Space Administration."--t.p. verso. aIncludes bibliographical references (p. 53-55). aElectronic reproduction.bPalo Alto, Calif. :cebrary,d2009.nAvailable via World Wide Web.nAccess may be limited to ebrary affiliated libraries.10aUnited States.bNational Aeronautics and Space Administration. 0aAstronautsxHealth aspectsvLongitudinal studies. 0aAstronautsxHealth risk assessmentvLongitudinal studies. 0aSpace flightxPhysiological effectvLongitudinal studies. 0aSpace medicinexResearchzUnited States. 7aElectronic books.2local1 aLongnecker, David E.,d1939-1 aManning, Frederick J.1 aWorth, Melvin H.2 aebrary, Inc.40uhttp://site.ebrary.com/lib/rucke/Doc?id=10055354zAn electronic book accessible through the World Wide Web; click to view c64788d64788